000 00336nam a22001577a 4500
005 20160629120543.0
008 160629b xxu||||| |||| 00| 0 eng d
041 _aeng
082 _b11015
100 _aMukhobathaya, S.C
_93154
245 _aSrikavta
260 _bKanein
300 _a400
650 _aManagement
_9241
942 _cBK
999 _c4621
_d4619